Perfiles africanos
Guardat en:
| Autor principal: | |
|---|---|
| Format: | Llibre |
| Idioma: | espanyol |
| Publicat: |
Buenos Aires
Eudeba
1964
|
| Col·lecció: | Biblioteca Asia y Africa
|
| Matèries: | |
| Etiquetes: |
Afegir etiqueta
Sense etiquetes, Sigues el primer a etiquetar aquest registre!
|
MARC
| LEADER | 00000nam a2200000 a 4500 | ||
|---|---|---|---|
| 001 | UCP6937 | ||
| 003 | CL-VaPUC | ||
| 008 | 991126e19640000AG |||||||||||||||||spa|d | ||
| 082 | 0 | 4 | |a 325.6 |b SEG |2 21 |
| 100 | 0 | |a Segal, Ronald |e author |9 436262 | |
| 245 | 1 | 0 | |a Perfiles africanos |
| 300 | |a 408 p | ||
| 942 | |c BK | ||
| 945 | |d 19991126 00:00:00 |a crobeson | ||
| 260 | |a Buenos Aires |b Eudeba |c 1964 | ||
| 650 | 0 | |a Colonización |9 265172 | |
| 650 | 0 | |a Independencia |9 344246 | |
| 650 | 0 | |a Biografías |9 255210 | |
| 650 | 0 | |a Historia política |9 256974 | |
| 651 | 0 | |a África |9 256790 | |
| 651 | 7 | |a SUDAFRICA |2 CL-VaPUC |9 261695 | |
| 583 | |a last modification |c 19991126 00:00:00 |k Rodrigo Vera | ||
| 490 | 0 | |a Biblioteca Asia y Africa | |
| 999 | |c 284311 |d 284309 | ||
| 952 | |0 0 |1 0 |4 0 |6 325_600000000000000_SEG_1964 |7 0 |8 A |9 328193 |a BIBHIS |b BIBHIS |d 2019-11-20 |i 1371584 |o 325.6 SEG 1964 |p 1371584 |r 2025-01-20 |w 2019-11-20 |y BK |k HIS | ||
| 952 | |0 0 |1 0 |4 0 |6 325_600000000000000_SEG_1964 |7 0 |8 A |9 328194 |a BIBHIS |b BIBHIS |d 2019-11-20 |i 1371592 |o 325.6 SEG 1964 |p 1371592 |r 2025-01-20 |w 2019-11-20 |y BK |k HIS | ||